000 00604nam a22001577a 4500
999 _c534113
_d534113
020 _qHard Cover.
082 _a616
100 _aFayyaz-ul-Hassan Baloch.
245 _aPathobiological characterization and determination of organ tropism of Newcastle Disease virus isolates from recent outbreaks in Pakistan /
_cFayyaz-ul-Hassan Baloch.
260 _aIslamabad :
_bASAB - NUST,
_c2013.
300 _axiv, 110 p. : ill. :
_c30cm.
942 _2ddc
_cTHE
650 _aVirology & Immunology MS-Thesis.
_928253
700 _aDr. Najam-us-Sahar
_919521